Tendencii mirovoj ekonomiky i meždunarodnoj torgovli. Leto 1991 g.

Situácia v konvertibilite mien jednotlivých krajín východnej Európy. Dva typy experimentov, súvisiacich s konvertibilitou mien. Príčiny poklesu poľnohospodárskej výroby. Stav inflácie v jednotlivých krajinách. Tvorba národného dôchodku v r. 1990. Údaje o poklese ekonomických výsledkov v 1. štvrťroku...

Descripción completa

Guardado en:
Detalles Bibliográficos
Formato: Capítulo de libro
Lenguaje:ruso
Materias:
Etiquetas: Agregar Etiqueta
Sin Etiquetas, Sea el primero en etiquetar este registro!

MARC

LEADER 00000naa a2200000 4500
001 r007232
005 20221130103923.8
041 0 |a rus 
044 |a [SU] 
245 1 0 |a Tendencii mirovoj ekonomiky i meždunarodnoj torgovli. Leto 1991 g. 
520 |a Situácia v konvertibilite mien jednotlivých krajín východnej Európy. Dva typy experimentov, súvisiacich s konvertibilitou mien. Príčiny poklesu poľnohospodárskej výroby. Stav inflácie v jednotlivých krajinách. Tvorba národného dôchodku v r. 1990. Údaje o poklese ekonomických výsledkov v 1. štvrťroku 1991. 
610 2 0 |a hospodárstvo svetové 
610 2 0 |a obchod medzinárodný 
610 2 0 |a konvertibilita 
610 2 0 |a 1991 
610 2 0 |a výroba poľnohospodárska 
610 2 0 |a dôchodok národný 
610 2 0 |a údaje štatistické 
610 2 0 |a východná Európa 
610 2 0 |a experimenty